| 000 -LEADER |
| fixed length control field |
01510cam a22004454a 4500 |
| 001 - CONTROL NUMBER |
| control field |
7937881 |
| 003 - CONTROL NUMBER IDENTIFIER |
| control field |
ASAB |
| 005 - DATE AND TIME OF LATEST TRANSACTION |
| control field |
20180827062656.0 |
| 006 - FIXED-LENGTH DATA ELEMENTS--ADDITIONAL MATERIAL CHARACTERISTICS |
| fixed length control field |
m d |
| 007 - PHYSICAL DESCRIPTION FIXED FIELD--GENERAL INFORMATION |
| fixed length control field |
cr n |
| 008 - FIXED-LENGTH DATA ELEMENTS--GENERAL INFORMATION |
| fixed length control field |
020115s2002 nyua sb 001 0 eng d |
| 020 ## - INTERNATIONAL STANDARD BOOK NUMBER |
| International Standard Book Number |
9780824706197 (alk. paper) |
| 020 ## - INTERNATIONAL STANDARD BOOK NUMBER |
| International Standard Book Number |
0824706196 (alk. paper) |
| 035 ## - SYSTEM CONTROL NUMBER |
| System control number |
(WaSeSS)ssj0000192827 |
| 040 ## - CATALOGING SOURCE |
| Original cataloging agency |
DLC |
| Transcribing agency |
ASAB |
| Modifying agency |
C#P |
| -- |
AGL |
| -- |
DNLM |
| -- |
WaSeSS |
| 042 ## - AUTHENTICATION CODE |
| Authentication code |
pcc |
| 050 #4 - LIBRARY OF CONGRESS CALL NUMBER |
| Classification number |
TP248.65.L57 |
| Item number |
L565 2002 |
| 050 #4 - LIBRARY OF CONGRESS CALL NUMBER |
| Classification number |
TP248.65.L57L565 |
| 060 00 - NATIONAL LIBRARY OF MEDICINE CALL NUMBER |
| Classification number |
2003 N-821 |
| 060 10 - NATIONAL LIBRARY OF MEDICINE CALL NUMBER |
| Classification number |
QU 85 |
| Item number |
L76313 2002 |
| 070 0# - NATIONAL AGRICULTURAL LIBRARY CALL NUMBER |
| Classification number |
TP248.65.L57 |
| Item number |
L565 2002 |
| 072 #0 - SUBJECT CATEGORY CODE |
| Subject category code |
X300 |
| 082 00 - DEWEY DECIMAL CLASSIFICATION NUMBER |
| Classification number |
660.6/3 |
| Edition number |
21 |
| 210 10 - ABBREVIATED TITLE |
| Abbreviated title |
Lipid biotechnology |
| 245 00 - TITLE STATEMENT |
| Title |
Lipid biotechnology |
| Statement of responsibility, etc. |
M.I. Gurr |
| Remainder of title |
an introduction |
| 250 ## - EDITION STATEMENT |
| Edition statement |
5th edition. |
| 260 ## - PUBLICATION, DISTRIBUTION, ETC. |
| Place of publication, distribution, etc. |
New York : |
| Name of publisher, distributor, etc. |
Marcel Dekker, |
| Date of publication, distribution, etc. |
c2002. |
| 504 ## - BIBLIOGRAPHY, ETC. NOTE |
| Bibliography, etc. note |
Includes bibliographical references and index. |
| 506 ## - RESTRICTIONS ON ACCESS NOTE |
| Terms governing access |
License restrictions may limit access. |
| 650 12 - SUBJECT ADDED ENTRY--TOPICAL TERM |
| Topical term or geographic name entry element |
Lipids |
| General subdivision |
biosynthesis |
| 9 (RLIN) |
2114 |
| 650 22 - SUBJECT ADDED ENTRY--TOPICAL TERM |
| Topical term or geographic name entry element |
Biotechnology |
| 9 (RLIN) |
2115 |
| 700 1# - ADDED ENTRY--PERSONAL NAME |
| Personal name |
Kuo, Tsung Min, |
| Dates associated with a name |
1942- |
| 9 (RLIN) |
2116 |
| 700 1# - ADDED ENTRY--PERSONAL NAME |
| Personal name |
Gardner, Harold W., |
| Dates associated with a name |
1935- |
| 9 (RLIN) |
2117 |
| 773 #0 - HOST ITEM ENTRY |
| Title |
CHEMLIBnetBASE |
| 773 #0 - HOST ITEM ENTRY |
| Title |
CIVILENGINEERINGnetBase |
| 856 40 - ELECTRONIC LOCATION AND ACCESS |
| Uniform Resource Identifier |
<a href="http://www.columbia.edu/cgi-bin/cul/resolve?clio7937881.001">http://www.columbia.edu/cgi-bin/cul/resolve?clio7937881.001</a> |
| Public note |
Full text available from CHEMLIBnetBASE |
| 856 40 - ELECTRONIC LOCATION AND ACCESS |
| Uniform Resource Identifier |
<a href="http://www.columbia.edu/cgi-bin/cul/resolve?clio7937881.002">http://www.columbia.edu/cgi-bin/cul/resolve?clio7937881.002</a> |
| Public note |
Full text available from CIVILENGINEERINGnetBase |
| 910 ## - USER-OPTION DATA (OCLC) |
| User-option data |
National Library of Medicine record |
| 942 ## - ADDED ENTRY ELEMENTS (KOHA) |
| Source of classification or shelving scheme |
|
| Koha item type |
Book |